20 vragen over van alles en nog wat - Quiz 11 - Statistieken

Algemene statistieken
  • Deze quiz is 3 keer genomen
  • De gemiddelde score is 7 van 20
Antwoordstatistieken
Hint Antwoord % Correct
Welke diepte is dit punt afgerond op 1000 tal 11000
67%
Hoe heet het driesterren restaurant in Kopenhagen Noma
67%
In welke oceaan ligt dit diepste punt Stille Oceaan
67%
Wat is de kleinste hoofdstad ter wereld Vaticaanstad
67%
Kleinste clubplaats eredivisie 2025 2026 voetbal in NL Volendam
67%
Dode Zee is heel zout. Blijf maximaal ... minuten in het water 15
33%
In welk land ligt deze stad Azerbeidzjan
33%
Wat is de laagste hoofdstad ter wereld Bakoe
33%
In welk land ligt deze stad Bolivia
33%
Wat is de oudste hoofdstad ter wereld Damascus
33%
Wat is de hoogstgelegen hoofdstad ter wereld La Paz
33%
Wat is de diepste plek op aarde Marianentrog
33%
Wat is het minst bevolkte land ter wereld Mongolië
33%
In welk land ligt deze stad Syrië
33%
Wat is de kleinste hoofdstad van Europa Valletta
33%
Wat is het grootste land ooit op aarde : Het ..... rijk(heel de geschiedenis. Britse
0%
Hoe heet een ander top restaurant in Kopenhagen Geranium
0%
Uit welke twee woorden komt die naam Mad
0%
Uit welke twee woorden komt die naam Nordisk
0%
Waar ligt het laagste punt ter wereld Rode Zee
0%
Geen overeenkomende quizzen gevonden
Scoreverdeling
Procent van Mensen met Elke Score
Percentiel versus Aantal Correcte Antwoorden
Uw Scoregeschiedenis
U heeft deze quiz nog niet genomen